Sportives et sportifs qui ont pratiqué des sports différents - Statistiques

Statistiques générales
  • Ce quiz a été pris 12 fois
  • Le résultat moyen est 3 sur 16
Statistiques - réponses
Indices Sportifs % Correct
Coureur cycliste slovène, vainqueur de Liège-Bastogne-Liège, de trois Tours d'Espagne et d'un Tour d'Italie. Il avait au préalable remporté deux épreuves de la "Coupe continentale" de saut à ski, la division inférieure à la "Coupe du monde". Primož Roglič
82%
Perchiste français, champion olympique en 1996 à Atlanta. Il est devenu navigateur, terminant à deux reprises la Route du Rhum (2014 et 2018) et à une reprise, la transat Jacques Vabre (2021). Jean Galfione
55%
Bobeur français victime d'une violente chute lors des championnats du monde de Garmisch-Partenkirchen en 1963 qui le priva des Jeux olympiques d'Innsbruck l'année suivante. Vingt ans plus tard, il remporta le Paris-Dakar comme copilote de Jacky Ickx. Parallèlement à ces deux carrières sportives, il s'est imposé comme l'un des piliers du cinéma français avec des films comme Le Grand escogriffe ou Camping. Claude Brasseur
45%
Skieur français, vainqueur du classement général de la Coupe du monde en 1997, puis pilote automobile vainqueur du Paris Dakar (Lisbonne-Dakar) en 2006. Luc Alphand
45%
Joueur de tennis britannique, vainqueur des quatre tournois du Grand Chelem entre 1933 et 1936, il fut champion du monde de tennis de table en 1929. Il est devenu célèbre pour la marque de vêtement qu'il fonda à son nom dans les années 1940. Fred Perry
18%
Nageur américain, quintuple champion olympique de natation en 1924 et 1928 et médaillé de bronze au water-polo en 1924. Il est également devenu célèbre comme acteur incarnant l'archétype de "l'homme sauvage". Johnny Weissmuller
18%
Nageur italien, double demi-finaliste aux Jeux olympiques (1952 et 1956) et champion national de water-polo avec la Lazio (1956). Il est surtout connu comme acteur de western (nom de scène ou nom de naissance acceptés). Carlo Pedersoli dit Bud Spencer
9%
Patineur américain, quintuple champion olympique en 1980 et septuple champion du monde, il est devenu coureur cycliste professionnel. Champion national sur route en 1985, il termina le Tour d'Italie en cette même année. Eric Heiden
9%
Joueur de tennis tchécoslovaque, vainqueur de Roland-Garros en 1950 et 1952 et vainqueur de Wimbledon en 1954. Il fut précédemment champion du monde de hockey sur glace avec son pays en 1947 et vice-champion olympique en 1948. Jaroslav Drobny
9%
Joueur de football américain, de basket-ball et de baseball, il fut champion olympique du décathlon et du pentathlon moderne en 1912 avant d'être disqualifié pour fait de professionnalisme et réhabilité posthume. Jim Thorpe
9%
Athlète américaine, double championne du monde du 60 mètres haie en salle (en 2008 et 2010). Elle entame une carrière de bobeuse en 2012 parallèlement à sa carrière d'athlète. Elle est championne du monde de bob à deux en 2021 et en équipe mixte en 2013. Lori Jones
9%
Patineuse canadienne, championne olympique à Turin en 2006 et championne du monde en 2004 à Séoul. Elle avait été double médaillée de bronze en cyclisme (course en ligne et contre-la-montre) à Atlanta en 1996 et vice-championne du monde du contre-la-montre à Duitama en 1995 et revint au cyclisme en 2011 après sa carrière de patineuse, remportant le Tour de Gila. Clara Hughes
0%
Joueur de tennis belge, demi-finaliste de Roland-Garros en 1958, il se distingua en Coupe Davis avec 52 victoires en simple. Il fut également à cinq reprises champion national de basket-ball avec le Royal IV de Bruxelles et plusieurs fois sélectionné en équipe nationale. Jacques dit Jacky Brichant
0%
Athlète américaine, championne du monde du 100 mètres à Helsinki en 2005, et du 4x100 mètres (en 2005 et 2007). Elle est également championne olympique à Londres en 2012 sur 4x100 mètres et vice championne olympique de bobsleigh à deux à Sotchi en 2014. Lauryn Williams
0%
Coureuse cycliste sur piste britannique, championne olympique de poursuite et championne du monde de poursuite individuelle et par équipe en 2008. Elle était précédemment rameuse (spécialiste de l'aviron) championne du monde du quatre de couple en 2005. Rebecca Romero
0%
Athlète américain, invaincu entre 1962 et 1964 sur les épreuves de vitesse. Il fut champion olympique à Tokyo en 1964 sur 100 mètres et sur le relais 4x100 mètres. Il fut également joueur de football américain, remportant le Super bowl en 1971 avec les Cow-Boys de Dallas. Robert Lee Hayes
0%
Aucun quiz correspondant
Distribution des résultats
% des personnes avec chaque résultat
Percentile par nombre de réponses
Votre historique - résultats
Vous n’avez pas pris ce quiz